00992nam0a22002291 4500001001500000005001700015035002600032100004100058101000800099102000700107105001800114200026600132205001800398210010600416215001600522316006800538700007300606801001800679801002200697801002700719852001600746v19\rc\203896720251118181602.2 a(NLR Aleph) 005116872 a20080925d1917 u y0rusy50 ca0 arus aRU ay j |||a|1 aОтечественная история в рассказах с иллюстрациями для младших классов средних учебных заведенийfСост. В. Пузицкий, преп. Владимир. гимназии a17-е изд. aМоскваaПетроградcт-во "В.В. Думов, насл. бр. Салаевых"d1917 a330, IV с. aЭкземпляр РНБ (65/408): утрачен5NLR: 65/408 1aПузицкийbВ.А.gВасилий Андреевич4220 0aRUbNLRgpsbo 0aRUbRuMoRGB2psbo 1aRUbProSoft-M2rusmarc aNLRj65/408